| 000 | 00476nam a22001697a 4500 | ||
|---|---|---|---|
| 005 | 20251108164655.0 | ||
| 008 | 250721s9999 xx 000 0 ara d | ||
| 082 | 1 | 4 | _a745/حبش |
| 100 | 1 | _aحبش، حسن قاسم | |
| 245 | 1 | 0 | _aمختصر تاريخ الزخرفة و آثارها على الفنون / |
| 264 | 1 |
_aبيروت : _bدار القلم، |
|
| 300 | _a125ص. | ||
| 650 | 1 | 7 | _aالزخرفه |
| 650 | 1 | 7 | _aالفنون |
| 942 |
_2ddc _cBK |
||
| 999 |
_c11529 _d11529 |
||